000 01710nam a22001457a 4500
999 _c529965
_d529965
008 250516b ||||| |||| 00| 0 eng d
100 _aWatanabe, Aya
_953210
245 _aElectoral incentives and negotiated settlements: Legislative deliberation on the Mindanao conflict in the Philippines
260 _aThe Developing Economics
300 _a63(1), Mar,2025: p.47-69
520 _aSome conflict-experiencing countries undergo both violent and electoral competitions. In other words, electoral competition evolves while nonstate actors struggle to realize their political and cultural demands by arms. Although increasing attention has been paid to the interplay between domestic political dynamics and violent conflict, we still know little about how the electoral calculations of legislators shape their response to negotiated settlement, possibly influencing conflict processes. By examining the congressional records of the House of Representatives in the Philippines, this study conducts quantitative text analyses to assess the impacts of electoral incentives—shaped by executive popularity, district ethnic composition, and the occurrence of conflict-related violence—on legislators' response to negotiated settlement. The results demonstrate that legislators are sensitive to constituents' views on conflict settlement by showing support or opposition to negotiated settlement, anticipating their electoral fortunes in the next election.- Reproduced https://onlinelibrary.wiley.com/doi/10.1111/deve.12427
650 _aLatent semantic scaling, Legislative debates, Mindanao Conflict, Philippine politics, Text analysis.
_953211
773 _aThe Developing Economics
942 _cAR